Sexuálních "úchylek" je na pět set /
Parafilie jsou netypické, neobvyklé sexuální preference. Vyskytují se u lidí a bývají v běžné řeči nazývány pramálo lichotivě. Nejčastěji jako úchylky, deviace, perverze, zvrhlosti. Možná se poznáte. Možná budete říkat fuuuj. Určitě ale budete koukat, co všechno pokládají lidé za vzrušující. Může to...
Uloženo v:
| Hlavní autor: | |
|---|---|
| Médium: | E-kniha |
| Jazyk: | Czech |
| Vydáno: |
Praha :
Internet Info, s. r. o.,
2015
|
| Tagy: |
Žádné tagy |
| LEADER | 01326nam a22002297i 4500 | ||
|---|---|---|---|
| 001 | 309308 | ||
| 007 | ta | ||
| 008 | 260601s2015 xr ||||| |||| 00| 0 cze d | ||
| 020 | |a 9990001597436 | ||
| 044 | |a xr | ||
| 100 | 1 | |a Novák, Tomáš |4 aut | |
| 245 | 1 | 0 | |a Sexuálních "úchylek" je na pět set / |c Novák, Tomáš |
| 264 | 1 | |a Praha : |b Internet Info, s. r. o., |c 2015 | |
| 300 | |a 1 online zdroj (65 stran) | ||
| 336 | |a text |b txt |2 rdacontent | ||
| 337 | |a bez média |b n |2 rdamedia | ||
| 338 | |a online zdroj |b cr |2 rdacarrier | ||
| 520 | 2 | |a Parafilie jsou netypické, neobvyklé sexuální preference. Vyskytují se u lidí a bývají v běžné řeči nazývány pramálo lichotivě. Nejčastěji jako úchylky, deviace, perverze, zvrhlosti. Možná se poznáte. Možná budete říkat fuuuj. Určitě ale budete koukat, co všechno pokládají lidé za vzrušující. Může to být nemoc či porucha, ale nemusí. Jen sex víc než 500× jinak. | |
| 910 | |a RBIT002 | ||
| 998 | |d 159743 |a https://core.palmknihy.cz/api/books/159743/cover?urjkra |b https://core.palmknihy.cz/api/books/159743/cover/400?41x1bu |c https://core.palmknihy.cz/api/books/159743/cover/50?wj92wh |e |g 65 |i 9990001597436 |j https://core.palmknihy.cz/api/books/159743/preview.epub |l |q 49 |r 1 |s https://www.palmknihy.cz/kniha/159743 |t ebook |y 2015 |z 1 | ||
| 999 | |d 309306 | ||